000 00734nam a2200193 a 4500
003 PILC
005 20241119132751.0
008 071002s1948 xx 00 eng d
010 _aAcc#12032
040 _cPhilippine Baptist Theological Seminary
050 _aBV 2848 .C92
_bN485 1948
100 1 0 _aNewton, Louie D.
245 1 0 _aAmazing grace :
_bthe life of M. N. McCall, missionary to Cuba /
_cby Louie D. Newton.
260 0 _aAtlanta, GA :
_bHome Mission Board, SBC,
_cc1948.
300 _a92 p. ; 22 cm.
505 _aCalled to be a missionary -- The land to which he went -- Dr. McCall arrives in Cuba -- Four decades of achievement -- Called up higher --
650 _aMCCALL, MOSES NATHANIEL, 1874-1947
942 _cCB
_2lcc
999 _c4466
_d4466